|
|
|
|
| LEADER |
00000cam a2200000 7i4500 |
| 001 |
0000003593 |
| 005 |
20070810.0 |
| 020 |
0 |
0 |
|a 9832661536
|
| 090 |
0 |
0 |
|a 025.04
|b ISK
|
| 100 |
1 |
0 |
|a Iskandar Ab Rashid, ,
|d 1963-
|
| 245 |
1 |
0 |
|a Menguasai Enjin Carian
|c Iskandar Ab Rashid, Zaitun Ismail
|
| 260 |
0 |
0 |
|a Selangor :
|b Venton Publishing, ,
|c 2004
|
| 300 |
|
|
|a iv, 209ms. :
|b ill. ;
|c 26cm.
|
| 500 |
0 |
0 |
|a Mengandungi indeks
|
| 500 |
0 |
0 |
|a Mengandungi latihan
|
| 504 |
0 |
0 |
|a Bibliografi: ms. 203-206
|
| 650 |
0 |
0 |
|a Internet searching
|x Handbooks, manuals, etc.
|
| 650 |
0 |
0 |
|a Web search engines
|x Handbooks, manuals, etc.
|
| 700 |
1 |
1 |
|a Zaitun Ismail
|
| 999 |
|
|
|a 0000007116
|b Monograph
|c Open Shelf
|e Default branch
|